[Event "ARG-ch U20"]
[Site "Buenos Aires"]
[Date "2023.02.20"]
[Round "8"]
[White "Duarte Fernandez, Agustin"]
[Black "Druetto, Benjamin"]
[Result "1-0"]
[WhiteElo "1910"]
[BlackElo "1528"]
[PlyCount "103"]
[EventDate "2023.02.17"]
[EventType "swiss"]
[EventRounds "9"]
[EventCountry "ARG"]
[SourceTitle "EXT 2024"]
[Source "ChessBase"]
[SourceDate "2023.10.10"]
[SourceVersion "1"]
[SourceVersionDate "2023.10.10"]
[SourceQuality "1"]

1. d4 d5 2. Nf3 c5 3. c3 Nc6 4. Bf4 Nf6 5. e3 Bg4 6. Na3 e6 7. Nb5 Rc8 8. Qa4 Qd7 9. Ne5 Nxe5 10. dxe5 Nh5 11. Nd6+ Bxd6 12. Bb5 Rc6 13. h3 Bf5 14. Bxc6 bxc6 15. exd6 0-0 16. g4 Nxf4 17. Qxf4 Bd3 18. f3 Re8 19. Rd1 e5 20. Qa4 c4 21. b3 e4 22. bxc4 Bxc4 23. Rd4 Rb8 24. Kf2 Rb2+ 25. Kg3 exf3 26. Rxc4 dxc4 27. Rd1 f2 28. Qxc4 h6 29. e4 a5 30. e5 Qa7 31. Qe4 Rd2 32. Rf1 Qc5 33. Kg2 Qxc3 34. Rxf2 Rxf2+ 35. Kxf2 Qd2+ 36. Qe2 Qd4+ 37. Kf3 Qd5+ 38. Kg3 g5 39. Qe3 c5 40. Qc3 c4 41. Kf2 Qc5+ 42. Kf3 Kf8 43. Ke4 Ke8 44. Qd4 Qb5 45. Qa7 Qb1+ 46. Kd5 Qd3+ 47. Kc6 Qe4+ 48. Kc7 f5 49. d7+ Kf7 50. d8Q c3 51. Kd6+ Kg6 52. Qg8# 1-0

[Event "ARG-ch U20"]
[Site "Buenos Aires"]
[Date "2023.02.19"]
[Round "6"]
[White "Serulnicoff, Pedro"]
[Black "Druetto, Benjamin"]
[Result "0-1"]
[WhiteElo "1848"]
[BlackElo "1528"]
[PlyCount "86"]
[EventDate "2023.02.17"]
[EventType "swiss"]
[EventRounds "9"]
[EventCountry "ARG"]
[SourceTitle "EXT 2024"]
[Source "ChessBase"]
[SourceDate "2023.10.10"]
[SourceVersion "1"]
[SourceVersionDate "2023.10.10"]
[SourceQuality "1"]

1. f4 d5 2. Nf3 c5 3. g3 Nc6 4. Bg2 Nf6 5. d3 Bg4 6. 0-0 e6 7. Nc3 Be7 8. e4 d4 9. Nb1 0-0 10. a4 a6 11. Na3 b5 12. h3 Bxf3 13. Qxf3 Qd7 14. g4 Rfc8 15. f5 Ne5 16. Qg3 Bd6 17. Bf4 Qc7 18. axb5 Nfd7 19. bxa6 Rcb8 20. b3 Qb6 21. Ra2 Rxa6 22. Rfa1 Rba8 23. Nc4 Nxc4 24. Rxa6 Rxa6 25. Rxa6 Qxa6 26. dxc4 Bxf4 27. Qxf4 e5 28. Qg5 Nf6 29. Qd2 Qa7 30. g5 Nh5 31. Qe1 Qa2 32. Qd1 Nf4 33. Bf1 Qa5 34. f6 Qc3 35. Qg4 Qe3+ 36. Kh2 Qf2+ 37. Bg2 Ne6 38. h4 Qxc2 39. Kg1 Qc1+ 40. Bf1 d3 41. Kf2 d2 42. Be2 Qe1+ 43. Kg2 Nf4+ 0-1